000 00398nam a22001337a 4500
008 230605b xxu||||| |||| 00| 0 eng d
020 _a996676741 X
082 _a330.97
_bKNBS
245 _aEconomic Survey 2012
_cKenya National Bureau of Statistics
260 _aNairobi
_bKenya National Bureau of Statistics
_c2012
300 _a255
710 _bKenya National Bureau of Statistics
942 _2ddc
_cBK
999 _c287
_d287